Sanat - "Sinä lähdit pois" - Ultra Bra - Statistics

Yleistilastot
  • Tätä visaa on pelattu 598 kertaa
  • Keskiarvotulos 93 / 131
Vastaustilastot
Sanat % Oikein
lähdit
98%
lähdit
98%
Minä
98%
minä
98%
minä
98%
minä
98%
pois,
98%
pois,
98%
pois,
98%
Sinä
98%
Sinä
98%
katselin
97%
katselin
97%
katselin
97%
parvekkeelta
97%
parvekkeelta
97%
ja
93%
ja
93%
ja
93%
selkääsi.
92%
loittonevaa
89%
Kiersit
86%
Kiersit
86%
ettet
85%
ettet
85%
tätä
85%
tätä
85%
eroa.
83%
eroa.
83%
Eroa.
83%
eroa.
83%
Eroa,
83%
eroa!
83%
murehdi
82%
murehdi
82%
arvaan,
78%
arvaan,
78%
arvaan,
78%
vesilammikot
68%
vesilammikot
68%
vesilammikot
68%
ei
66%
ei
66%
ei
66%
joka
58%
joka
58%
joka
58%
aurinko
57%
aurinko
57%
enää
57%
lämmitä.
57%
lämmitä.
57%
kumpikaan
55%
meistä
55%
meistä
55%
taustalla
55%
Taustalla
55%
Taustalla
55%
Aamuyöllä
54%
Aamuyöllä
54%
äänet,
54%
jaksa
54%
jaksa
54%
Väsyneet
54%
kahvia.
53%
katseet,
53%
siihen
53%
viimeinen
53%
drinkki
52%
käheät
52%
lisäsin
52%
aamiaiseksi
51%
juhlia.
51%
Juhlia.
51%
vaihtuu,
51%
Yön
49%
aamulla
44%
ennen
44%
linnut
43%
kaikki
42%
kaikki
42%
laulavat
42%
Pensaiden
39%
seitsämää.
7%
Ehtoja vastaavia visoja ei löytynyt
Tulosjakauma
Jokaisen tuloksen saaneiden osuus
Persentiili vastausten määrän mukaan
Tuloshistoriasi
Et ole pelannut tätä visaa